000 00909nam a22002897a 4500
001 BR7506307
003 BR-BrBNA
005 20230928084838.0
007 ta
008 230509b bl.||||| |||| 00| 0 por d
040 _aBR-BrBNA
_bpor
_cBiblioteca Nacional de Agricultura
041 _a(Por)
072 _aF00; E10; H20
_b0180
_b4100
_b/G514
090 _ 0180 BR7506307
110 1 _aInstituto de Pesquisas Agronomicas, Porto Alegre, RS (Brasil)
_96134
111 1 _a7. Reuniao da Comissao Sul-brasileira de Trigo
_cPorto Alegre, RS (Brazil)
_d15 Apr 1975
245 1 _aTrigo [Ecologia; Economia; Adubo; Doenca de planta; Brasil]
_bAta
260 3 _aPorto Alegre, RS (Brasil):
_c1975.
300 _a82 p.
650 _aProducao vegetal
650 _aMacroeconomia
650 _aDoenca de planta
650 _aTrigo
650 _aVariedade
909 _a202309
_bLucia
_c55
_dLucia Elande
942 _cBK
999 _c21427
_d21427